| 000 | 01116cam a2200181 4500500 | ||
|---|---|---|---|
| 005 | 20251214033558.0 | ||
| 041 | _afre | ||
| 042 | _adc | ||
| 100 | 1 | 0 |
_aFrançois, Camille _eauthor |
| 700 | 1 | 0 |
_aBesnier, Marius _eauthor |
| 700 | 1 | 0 |
_aNiedbalec, Arnaud _eauthor |
| 245 | 0 | 0 | _aDefending the Landlords’ Cause: The Case of Evictions |
| 260 | _c2025. | ||
| 500 | _a65 | ||
| 520 | _aIn this interview, which expands on ideas developed in his book (François, 2023), Camille François discusses the recent rise in rental evictions in France. He highlights how changes within the state have contributed to this increase. By looking at how and why the actors involved in eviction procedures come to align themselves with the interests of landlords, he shows that the crisis of capital reproduction caused by unpaid rents is ultimately managed by the state through the use of coercion and force. | ||
| 786 | 0 | _nRegards croisés sur l'économie | 37 | 2 | 2025-12-02 | p. 155-165 | 1956-7413 | |
| 856 | 4 | 1 | _uhttps://shs.cairn.info/journal-regards-croises-sur-leconomie-2025-2-page-155?lang=en&redirect-ssocas=7080 |
| 999 |
_c1575859 _d1575859 |
||